00357nam a2200145Ia 4500008004100000082001300041100001300054245003200067250000900099260003300108300001300141500002600154650001400180700001700194230524s9999 xx 000 0 und d a540bJAI aP.C.Jain 0aEngineering Chemistry Vol-I a14TH aNEW DELHIbDhanpat Raic2004 aVIII;320 aQuantity Number: 265 aChemistry a Monika Jain